Obras completas : novelas, cuentos, narraciones . volumen 3 /
Guardado en:
| Autor Principal: | |
|---|---|
| Formato: | Libro |
| Publicado: |
Buenos Aires :
El Ateneo,
1952
|
| Series: | Bibliioteca El Ateneo
|
| Materias: | |
| Etiquetas: |
Agregar Etiqueta
Sin Etiquetas, Sea el primero en etiquetar este registro!
|
| LEADER | 00648nam a22002055a 4500 | ||
|---|---|---|---|
| 001 | CEM.cems012270 | ||
| 005 | 20100603103059.0 | ||
| 008 | 130507s1952##################000#0#####d | ||
| 003 | CEMS | ||
| 082 | 0 | 4 | |a 891.628 |
| 100 | 1 | |a Wilde, Oscar | |
| 245 | 1 | 0 | |a Obras completas : |b novelas, cuentos, narraciones . volumen 3 / |c Oscar Wilde |
| 260 | |a Buenos Aires : |b El Ateneo, |c 1952 | ||
| 300 | |a 876 p. | ||
| 490 | 0 | |a Bibliioteca El Ateneo | |
| 505 | 0 | |a Ensayos -- Críticas -- Epistolario | |
| 653 | |a Literatura | ||
| 653 | |a Literatura irlandesa | ||
| 653 | |a Obras clásicas | ||
| 859 | |a CEMS |b BIB. CEMS - 11 de abril |h 891.628 |i W644-7 |p 23420.06 |t Ej.1 |v III |3 III | ||
